Najbiedniejsze kraje na świecie - Statystyki

Ogólne statystyki
  • Ten quiz został rozwiązany 167 razy
  • Średni wynik to 3 z 10
Statystyki odpowiedzi
Informacja Kraj - Państwo % Poprawnych
To 75 milionowe państwo centralnej Afryki jest obecnie najbiedniejszym krajem na świecie. Kraj ten od blisko dwóch dekad cierpi z powodu ogromnej korupcji, powszechnej przemocy, głodu i chorób. Demokratyczna Republika Konga
91%
Od 1980r. tym krajem południowej Afryki rządzi ten sam człowiek – Robert Mugabe. Oskarża się go min. o zrujnowanie rolnictwa, dzięki któremu rozwijał się eksport a ludzie znajdowali zatrudnienie. Zimbabwe
58%
Ekonomia w tym afrykańskim kraju zaczęła niedawno umiarkowanie wzrastać, przynosząc nadzieję na lepszą przyszłość. Jednak jedyna partia polityczna w ... faworyzuje zarządzane przez siebie intresy, a do tego na kraj nałożone zostały przez Narody Zjednoczone sankcje ekonomiczne za wspieranie anyetiopskich powstań w Somalii. Erytrea
39%
... to kraj wyspiarski u południowschodnich wybrzeży Afryki. Aż 90% dzikiej przyrody ... nie występuje nigdzie indziej na świecie. Mimo takich bogact przyrodniczych sprzyjających rozwoju turystyki, wyspa ta znalazła się wśród najbiedniejszych krajów na świecie w wyniki kryzysu ekonomicznego, jaki wstrząsa nią od 2009r – w ciągu kilku ostanich lat liczba ludzi żyjących na progu ubóstwa wzrosła tam aż o 10%. Madagaskar
39%
Mimo że wojna domowa między plemionami Hutu i Tutsi już się zakończyła to wciąż trwają. Krwawe bratobójcze walki, słabo rozwinięte rolnictwo i choroby zakaźne dziesiątkujące ludność to główne czynniki tak złej kondycji kraju. Burundi
34%
To pustynne piaski Sahary, a często występujęce tam susze dewastują rolnictwo i stają się główną przyczyną panującego w kraju głodu i poważnego niedożywienia. ... cierpi także z powodu przemocy i zbrodni, z którymi nie potrafi walczyć ani im zapobiegać, politycznej niestabilności i korupcji. Niger
28%
Szacuje się, że aż 42% populacji tego południowoazjatyckiego kraju żyje poniżej poziomu ubóstwa, a kolejne 20% jest zagrożone przekroczeniem tego niebezpiecznego progu. Liczne ugrupowania terrorystyczne ... czynią go jednym z najbardziej niebezpiecznych krajów na świecie. Uciekający przed biedą i zagrożeniami a ... stanowią największą na świecie grupę uchodźców ubiegających się o azyl w innych państwach. Afganistan
25%
Od czasu gdy w 1980r. prezydent został obalony, w kraju nastał długi okres niestabilności i walk domowych, w których życie straciło blosko ćwierć miliona ludzi. W 2005r. odbyły się w końcu demokratyczne wybory, jednak kraj wciąż cierpi z powodu masywnej korupcji. Dzisiaj blisko połowa ... żyje w skrajnej biedzie. Liberia
8%
Ponad 80% powierzchni kraju Jak wiele innych afrykańskich krajów, ... cierpi z powodu ogromnej korupcji i złego zarządzania publicznymi finansami. W próbach rozwijania gospodarki i uniezależnienia się od pomocy finasowej z zewnątrz, rozbudowy i upowszechniania służby zdrowia i dostępu do edukacji nie widać postępu. Kraj dewastowany jest też przez ogromną liczbę zachorowań i zgonów na AIDS i wysoką śmiertelność noworodków. Malawi
8%
Pomimo faktu, że ... posiada wysokie walory turystyczne i bogactwa naturalne, należy ona do jednych z najbiedniejszych krajów na świecie. Po zamachu stanu w marcu tego roku kraj ten de facto zbankutował i stał się anarchią Republika Środkowoafrykańska
6%
Nie znaleziono quizów pasujących do podanych kryteriów
Rozkład punktacji
Procent ludzi z każdym wynikiem
Percentyl według liczby udzielonych odpowiedzi
Twoja historia wyników
Nie rozwiązałeś tego quizu